1641 1735 1143 1294 1675 1562 1085 1192 1303 1023 1215 1806 1782 1395 1589 1859 1007 1572 1870 1639 1019 1294 1872 1587 1278 1538 1389 1554 1136 1134 1884 1955 1587 1041 1393 1000 1882 1518 1782 1929 1714 1553 1810 1273 1055 1671 1400 1832 1151 1444 1554 1958 1740 1189 1579 1581 1585 1396 1240 1341 1075 1236 1637 1464 1941 1333 1352 1930 1765 1613 1236 1637 1327 1216 1701 1864 1568 1253 1167 1993 1625 1602 1616 1068 1649 1724 1875 1707 1393 1770 1479 1872 1734 1251 1842 1009 1569 1443 1141 BCNSPRNW ULIB Ver.6.0+V

เปลี่ยนเป็นภาษาไทย

Change to English
 แสดงรายละเอียดบรรณานุกรม
  กลับหน้าหลัก

Brief Record : Get Marc (ISO 2709) : E-mail record : QR code < ปิดหน้าต่าง
LEADER : 00000nam 2200000uu 4500
001    13399124575
003     ULIB
008    121029s2552||||th 000 0 tha d
020    ^a9786117190247
090    ^aนว.^bน418ม
100 0  ^aนันทนา วีระชน
245 00 ^aเมียแต่ง/^cนันทนา วีระชน
250    ^aพิมพ์ครั้งที่ 1
260    ^aกรุงเทพฯ :^bอินเลิฟ,^c2552
300    ^a427 หน้า
710 1  ^aอินเลิฟ
945    ^p315^l0^i026026
995    ^aทศพร
999 ^a ใช้งานได้ทุกระบบ
รายการนี้ยังไม่มีแท็ก
คุณยังไม่ได้ล็อกอิน คุณสามารถมีกิจกรรมร่วมกับเว็บไซต์ได้ แต่ต้องล็อกอินก่อน ::
  ล็อกอิน

รายการสื่อสารสนเทศ

ลำดับที่ ประเภท เลขเรียก/บาร์โค้ด สถานที่ สถานะ
1. นวนิยาย
นวนิยาย
นว. น418ม ฉ.1 
  Barcode: 026026
ห้องสมุดวิทยาเขตสวรรค์ประชารักษ์
►นวนิยาย
บนชั้น
  ขอยืม

BibComment


ยังไม่เคยถูกคอมเมนท์

คอมเมนท์ทรัพยากรรายการนี้
  คอมเมนท์: เมียแต่ง นันทนา ..


 Copyright 2026. Bcnsprnw @Library